Toutes les planètes mentionnées dans les films star wars - Statistiques

Statistiques générales
  • Ce quiz a été pris 38 fois
  • Le résultat moyen est 15 sur 39
Statistiques - réponses
Première apparition Planète % Correct
Épisode I – La Menace Fantôme Tatooine
100%
Épisode I – La Menace Fantôme Naboo
97%
Épisode III – La Revanche des Sith Mustafar
94%
Épisode I – La Menace Fantôme Coruscant
87%
Épisode II – L’Attaque des Clones Geonosis
81%
Épisode II – L’Attaque des Clones Kamino
81%
Épisode VI – Le Retour du Jedi Endor
77%
Épisode V – L’Empire Contre-Attaque Hoth
68%
Épisode V – L’Empire Contre-Attaque Dagobah
61%
Épisode VII – Le Réveil de la Force Jakku
58%
Épisode V – L’Empire Contre-Attaque Bespin
52%
Épisode IX – L’Ascension de Skywalker Exegol
52%
Épisode III – La Revanche des Sith Kashyyyk
52%
Épisode III – La Revanche des Sith Utapau
52%
Épisode III – La Revanche des Sith Felucia
45%
Rogue One: A Star Wars Story Jedha
42%
Rogue One: A Star Wars Story Scarif
42%
Solo: A Star Wars Story Corellia
39%
Solo: A Star Wars Story Kessel
35%
Épisode VIII – Les Derniers Jedi Ahch-To
32%
Épisode VIII – Les Derniers Jedi Crait
32%
Épisode III – La Revanche des Sith Polis Massa
29%
Épisode III – La Revanche des Sith Mygeeto
26%
Épisode VII – Le Réveil de la Force D’Qar
23%
Épisode VII – Le Réveil de la Force Takodana
23%
Épisode III – La Revanche des Sith Aldérande
19%
Rogue One: A Star Wars Story Eadu
19%
Épisode III – La Revanche des Sith Cato Neimoidia
16%
Épisode IX – L’Ascension de Skywalker Pasaana
16%
Épisode IX – L’Ascension de Skywalker Kijimi
13%
Rogue One: A Star Wars Story Yavin IV
13%
Épisode VIII – Les Derniers Jedi Canto Bight
6%
Solo: A Star Wars Story Mimban
6%
Solo: A Star Wars Story Savareen
6%
Solo: A Star Wars Story Vandor
6%
Épisode VII – Le Réveil de la Force Hosnian Prime
3%
Rogue One: A Star Wars Story Lah’mu
3%
Épisode III – La Revanche des Sith Séleucami
3%
Épisode VII – Le Réveil de la Force Starkiller Base
3%
Aucun quiz correspondant
Distribution des résultats
% des personnes avec chaque résultat
Percentile par nombre de réponses
Votre historique - résultats
Vous n’avez pas pris ce quiz